000 00191 a2200097 4500
020 _a9781368021340
041 _aspa
100 _aWillems, Mo
245 _aPuedo jugar yo tambien
942 _cBK
999 _c30440
_d30438